Catálogo
 En Linea

El viaje : (Registro nro. 26244)

Detalles MARC
000 -CABECERA
campo de control de longitud fija 00745nam a2200217 a 4500
001 - NÚMERO DE CONTROL
campo de control 000026752
003 - IDENTIFICADOR DEL NÚMERO DE CONTROL
campo de control OSt
005 - FECHA Y HORA DE LA ÚLTIMA TRANSACCIÓN
campo de control 20240530073919.0
008 - DATOS DE LONGITUD FIJA--INFORMACIÓN GENERAL
campo de control de longitud fija 110325s1940 dr 000 0 spa d
040 ## - FUENTE DE LA CATALOGACIÓN
Centro catalogador/agencia de origen DO-SdBNP
Lengua de catalogación spa
Centro/agencia transcriptor BNPHU
082 ## - NÚMERO DE LA CLASIFICACIÓN DECIMAL DEWEY
Número de clasificación RD863.44
Número de documento/Ítem A516v
100 1# - ENTRADA PRINCIPAL--NOMBRE DE PERSONA
Nombre de persona Amiama, Manuel A.
Fechas asociadas al nombre 1899-1991
9 (RLIN) 8438
245 13 - MENCIÓN DE TÍTULO
Título El viaje :
Resto del título ensayo de novela de la vida capitalina /
Mención de responsabilidad, etc. Manuel A. Amiama.
260 ## - PUBLICACIÓN, DISTRIBUCIÓN, ETC.
Lugar de publicación, distribución, etc. Ciudad Trujillo, República Dominicana :
Nombre del editor, distribuidor, etc. La Opinión,
Fecha de publicación, distribución, etc. 1940.
300 ## - DESCRIPCIÓN FÍSICA
Extensión 243 p. ;
Dimensiones 21 cm.
650 #0 - PUNTO DE ACCESO ADICIONAL DE MATERIA--TÉRMINO DE MATERIA
Término de materia o nombre geográfico como elemento de entrada Novela dominicana
9 (RLIN) 223
650 #0 - PUNTO DE ACCESO ADICIONAL DE MATERIA--TÉRMINO DE MATERIA
Término de materia o nombre geográfico como elemento de entrada Literatura dominicana.
9 (RLIN) 67
651 ## - PUNTO DE ACCESO ADICIONAL DE MATERIA--NOMBRE GEOGRÁFICO
Nombre geográfico Santo Domingo : República Dominicana
Subdivisión general Vida Social Y Costumbres
Subdivisión de forma Novela
9 (RLIN) 46369
910 ## - DATOS DE OPCIÓN DEL USUARIO (OCLC)
Datos de opción del usuario Validado. Control de calidad MAA
942 ## - ELEMENTOS DE PUNTO DE ACCESO ADICIONAL (KOHA)
Fuente del sistema de clasificación o colocación Dewey Decimal Classification
Tipo de ítem Koha Libros y folletos
Existencias
Estado de retiro Estado de pérdida Fuente del sistema de clasificación o colocación No para préstamo Código de colección Localización permanente Ubicación/localización actual Ubicación en estantería Fecha de adquisición Número de inventario Total de préstamos Signatura topográfica completa Código de barras Fecha visto por última vez Número de copia Precio válido a partir de Tipo de ítem Koha Nota pública Restricciones de uso
    Dewey Decimal Classification   Raros y valiosos General General En catalogación 16.02.2012 LF1   RD863.44 A516v 26752-30 25.06.2020 e. 3 25.06.2020 Préstamo en sala Perteneció a la biblioteca personal de Carlos Larrazábal Blanco.  
    Dewey Decimal Classification   Raros y valiosos General General En catalogación 16.02.2012 LF1   RD863.44 A516v 26752-40 25.06.2020 e. 4 25.06.2020 Préstamo en sala Perteneció a la biblioteca personal de Germán Emilio Ornes.  
    Dewey Decimal Classification Excluido de préstamo Raros y valiosos General General En catalogación 26.03.2015 LF1   RD863.44 A516v 26752-50 25.06.2020 e. 5 25.06.2020 No se presta    
    Dewey Decimal Classification Excluido de préstamo Raros y valiosos Patrimonio Dominicano Patrimonio Dominicano En catalogación 25.03.2011 LF1   RD863.44 A516v 26752-10 25.06.2020   25.06.2020 No se presta Perteneció a la biblioteca personal de Martínez Boog.  
    Dewey Decimal Classification Excluido de préstamo Raros y valiosos Patrimonio Dominicano Patrimonio Dominicano En catalogación 05.10.2011 LF1   RD863.44 A516v 26752-20 25.06.2020 e. 2 25.06.2020 No se presta Perteneció a la biblioteca personal de Julio Ortega Frier.  

Con tecnología Koha